00477nam a2200157Ia 4500003000400000008004100004040001600045082001800061100002400079245007600103260006800179300001100247490000500258650002800263650002800291GCL140319s9999 xx 000 0 ara d aGCL / cGCL04a811.01bا ا1 aاميل ناصيف10aاروع ما قيل فى الحب والغزل / cاميل ناصيف a[S.N] : bدار جروس للنشر والتوزيع ، c1987 a191 ص a04aالشعر العربى04aالشعر الغزلى